Facultad de Derecho – Universidad Nacional de Mar del Plata

Tratado elemental de derecho romano (Record no. 75)

MARC details
000 -LEADER
fixed length control field 00568cam a22002177a 4500
001 - CONTROL NUMBER
control field 000076
003 - CONTROL NUMBER IDENTIFIER
control field armpunfd
005 - DATE AND TIME OF LATEST TRANSACTION
control field 20140612090557.0
008 - FIXED-LENGTH DATA ELEMENTS--GENERAL INFORMATION
fixed length control field 011019e1926####xx#a##########000#0#und#d
040 ## - CATALOGING SOURCE
Original cataloging agency armpunfd
Transcribing agency armpunfd
080 ## - UNIVERSAL DECIMAL CLASSIFICATION NUMBER
Universal Decimal Classification number 34(37) P 445
100 10 - MAIN ENTRY--PERSONAL NAME
Personal name Petit, Eugene
245 10 - TITLE STATEMENT
Title Tratado elemental de derecho romano
260 ## - PUBLICATION, DISTRIBUTION, ETC. (IMPRINT)
Place of publication, distribution, etc Madrid
Name of publisher, distributor, etc Saturnino Calleja
Date of publication, distribution, etc 1926
300 ## - PHYSICAL DESCRIPTION
Extent 766 p.
650 #7 - SUBJECT ADDED ENTRY--TOPICAL TERM
Topical term or geographic name as entry element Derecho Romano
Source of heading or term LEMB
942 ## - ADDED ENTRY ELEMENTS (KOHA)
Koha item type LIBRO
Source of classification or shelving scheme
945 ## - LOCAL PROCESSING INFORMATION (OCLC)
a Catalis
d 2010-08-19
945 ## - LOCAL PROCESSING INFORMATION (OCLC)
a Catalis
d 2010-08-19
945 ## - LOCAL PROCESSING INFORMATION (OCLC)
a Catalis
d 2010-08-19
Holdings
Withdrawn status Lost status Source of classification or shelving scheme Damaged status Not for loan Home library Current library Shelving location Date acquired Serial Enumeration / chronology Total Checkouts Full call number Barcode Date last seen Price effective from Koha item type Total Renewals Checked out Date checked out
          Bib. Derecho Bib. Derecho Sector Prestamo 12/06/2014 ED. 1963   34(37) P 445 30208 15/07/2014 12/06/2014 LIBRO      
          Bib. Derecho Bib. Derecho Sector Prestamo 12/06/2014     34(37) P 445 102415 12/06/2014 12/06/2014 LIBRO      
          Bib. Derecho Bib. Derecho Sector Prestamo 12/06/2014   1 34(37) P 445 104308 19/12/2016 12/06/2014 LIBRO 2 09/08/2024 19/12/2016

XHTML | CSS | ©Biblioteca Central - Dto. Tecnología de la Información - [ Con tecnología Koha ]